[Event "11. Hogeschool Zeeland Tournament"]
[Site "Vlissingen NED"]
[Date "2007.08.08"]
[Round "6.17"]
[White "De Wolf, Johan"]
[Black "Shrentzel, Mordechai"]
[Result "1/2-1/2"]
[WhiteElo "2162"]
[BlackElo "2322"]
[PlyCount "102"]
[EventDate "2007.08.04"]
[EventType "swiss"]
[EventRounds "9"]
[EventCountry "NED"]
[Source "lmi"]
[SourceDate "2007.08.04"]

1. d4 d6 2. e4 g6 3. Nf3 Bg7 4. Bd3 Nc6 5. d5 Nb4 6. Bb5+ c6 7. dxc6 bxc6 8.
Be2 Qc7 9. O-O Nf6 10. Nc3 O-O 11. Bg5 Rd8 12. Qd2 a5 13. Rfe1 Bb7 14. a3 Na6
15. Bf1 Nc5 16. Rab1 Ne6 17. Bh6 Bh8 18. h3 d5 19. exd5 Nxd5 20. Nxd5 cxd5 21.
h4 Ba6 22. Bd3 Bxd3 23. Qxd3 Rac8 24. c3 Qc4 25. Qe3 Qg4 26. Qb6 d4 27. Rbd1 a4
28. Qb4 Bf6 29. Qxa4 Qh5 30. Bg5 Bxg5 31. Nxg5 Nxg5 32. hxg5 dxc3 33. Rxd8+
Rxd8 34. Qa5 Rc8 35. bxc3 e6 36. Qe5 Qg4 37. Rb1 Qf5 38. Qxf5 gxf5 39. Rb3 Rc4
40. g3 f4 41. gxf4 Rxf4 42. Rb4 Rf5 43. f4 Rc5 44. a4 Rxc3 45. Kf2 Kg7 46. Ke2
Kg6 47. Kd2 Rg3 48. Kc2 e5 49. Rb6+ Kg7 50. fxe5 Rxg5 51. e6 fxe6 1/2-1/2

[Event "11. Hogeschool Zeeland Tournament"]
[Site "Vlissingen NED"]
[Date "2007.08.08"]
[Round "6.18"]
[White "Maenhout, Thibaut"]
[Black "Haak, Eelco"]
[Result "1-0"]
[WhiteElo "2302"]
[BlackElo "2182"]
[PlyCount "57"]
[EventDate "2007.08.04"]
[EventType "swiss"]
[EventRounds "9"]
[EventCountry "NED"]
[Source "lmi"]
[SourceDate "2007.08.04"]

1. d4 Nf6 2. c4 g6 3. Nc3 Bg7 4. e4 O-O 5. f3 d6 6. Be3 e5 7. d5 Nh5 8. Qd2 f5
9. O-O-O a5 10. c5 b6 11. cxd6 cxd6 12. Bb5 Na6 13. Kb1 Nc5 14. Nge2 Nf6 15.
Bg5 fxe4 16. Ng3 exf3 17. gxf3 Bf5+ 18. Nxf5 gxf5 19. Rhg1 Kh8 20. Qg2 Ra7 21.
Qh3 Qc8 22. Qh4 f4 23. Ka1 Qf5 24. Rg2 a4 25. a3 Rc8 26. Ka2 Nb3 27. Bd3 Nc1+
28. Rxc1 Qxd3 29. Bxf6 1-0

[Event "11. Hogeschool Zeeland Tournament"]
[Site "Vlissingen NED"]
[Date "2007.08.08"]
[Round "6.19"]
[White "Schuurman, Petra"]
[Black "Stange, Wim"]
[Result "1-0"]
[WhiteElo "2290"]
[BlackElo "2126"]
[PlyCount "57"]
[EventDate "2007.08.04"]
[EventType "swiss"]
[EventRounds "9"]
[EventCountry "NED"]
[Source "lmi"]
[SourceDate "2007.08.04"]

1. d4 Nf6 2. c4 g6 3. Nc3 Bg7 4. e4 d6 5. Nf3 O-O 6. h3 e5 7. d5 a5 8. Bg5 h6
9. Be3 Na6 10. Nd2 Nh5 11. g3 Qe8 12. Be2 Nf6 13. a3 Bd7 14. b3 Nh7 15. g4 f5
16. gxf5 gxf5 17. exf5 e4 18. Rg1 Kh8 19. Ndxe4 Bxf5 20. Rxg7 Kxg7 21. Qd4+ Qe5
22. Qd2 Qh2 23. Bxh6+ Kf7 24. O-O-O Qxh3 25. Ng3 Nc5 26. Qf4 Ke7 27. Rh1 Qg2
28. Bxf8+ Rxf8 29. Nxf5+ 1-0

[Event "11. Hogeschool Zeeland Tournament"]
[Site "Vlissingen NED"]
[Date "2007.08.08"]
[Round "6.20"]
[White "In 't Veld, Rene"]
[Black "De Jong, Migchiel"]
[Result "0-1"]
[WhiteElo "2116"]
[BlackElo "2286"]
[PlyCount "56"]
[EventDate "2007.08.04"]
[EventType "swiss"]
[EventRounds "9"]
[EventCountry "NED"]
[Source "lmi"]
[SourceDate "2007.08.04"]

1. e4 e6 2. Nc3 d5 3. d4 Bb4 4. e5 Ne7 5. a3 Bxc3+ 6. bxc3 b6 7. Qg4 Ng6 8. h4
h5 9. Qg5 Qxg5 10. hxg5 Ba6 11. a4 Bxf1 12. Kxf1 Nc6 13. Nf3 Na5 14. Nh4 Nc4
15. Nxg6 fxg6 16. Ke2 O-O 17. Be3 Rf5 18. f4 Rc8 19. g3 Rf7 20. g4 hxg4 21. Rh4
g3 22. Rg1 c5 23. dxc5 Nxe3 24. Kxe3 Rxc5 25. Rxg3 Rxc3+ 26. Kf2 Rxc2+ 27. Ke1
Rfc7 28. Rb3 Ra2 0-1

[Event "11. Hogeschool Zeeland Tournament"]
[Site "Vlissingen NED"]
[Date "2007.08.08"]
[Round "6.21"]
[White "Miedema, Roi"]
[Black "Van Loon, Eric"]
[Result "1-0"]
[WhiteElo "2271"]
[BlackElo "2117"]
[PlyCount "49"]
[EventDate "2007.08.04"]
[EventType "swiss"]
[EventRounds "9"]
[EventCountry "NED"]
[Source "lmi"]
[SourceDate "2007.08.04"]

1. d4 d5 2. c4 c6 3. Nc3 dxc4 4. e4 b5 5. a4 b4 6. Nce2 Nf6 7. Ng3 e6 8. Bxc4
a5 9. Be3 Nbd7 10. Nf3 Bb7 11. O-O Be7 12. Rc1 h6 13. Nd2 Rc8 14. Nb3 Kf8 15.
f4 g6 16. f5 exf5 17. exf5 Kg7 18. fxg6 fxg6 19. Be6 Rb8 20. Qg4 Nxg4 21. Rf7+
Kg8 22. Rcf1 Nde5 23. dxe5 Nxe5 24. Rxe7+ Nf7 25. Rexf7 1-0

[Event "11. Hogeschool Zeeland Tournament"]
[Site "Vlissingen NED"]
[Date "2007.08.08"]
[Round "6.22"]
[White "Steenbekkers, Franck"]
[Black "Van Dort, Lars"]
[Result "1/2-1/2"]
[WhiteElo "2228"]
[BlackElo "2109"]
[PlyCount "100"]
[EventDate "2007.08.04"]
[EventType "swiss"]
[EventRounds "9"]
[EventCountry "NED"]
[Source "lmi"]
[SourceDate "2007.08.04"]

1. e4 e6 2. d4 d5 3. Nd2 Nf6 4. e5 Nfd7 5. c3 c5 6. Bd3 Nc6 7. Ndf3 cxd4 8.
cxd4 f6 9. exf6 Nxf6 10. Nh3 Bd6 11. O-O Qc7 12. Re1 O-O 13. Nhg5 Re8 14. Qc2
h6 15. Nh7 Nxh7 16. Bxh7+ Kh8 17. Be3 e5 18. dxe5 Nxe5 19. Nxe5 Rxe5 20. Bd4
Qxc2 21. Bxc2 Rxe1+ 22. Rxe1 Bd7 23. Bb3 Bb4 24. Re5 Rc8 25. f4 Rc1+ 26. Kf2
Bb5 27. Rxd5 Rf1+ 28. Kg3 Be1+ 29. Kh3 Bd3 30. Bxg7+ Kxg7 31. Rxd3 Rxf4 32.
Rd7+ Kg6 33. g3 Rb4 34. Rd6+ Kg5 35. Bc2 Rb6 36. Rxb6 axb6 37. Be4 h5 38. Bxb7
h4 39. gxh4+ Bxh4 40. Kg2 Kf4 41. Bc8 Ke3 42. b3 b5 43. Kh3 Be7 44. Kg4 Ke4 45.
a4 bxa4 46. bxa4 Ke5 47. a5 Kf6 48. a6 Bc5 49. Kf4 Kg7 50. Ke5 Kh8 1/2-1/2

[Event "11. Hogeschool Zeeland Tournament"]
[Site "Vlissingen NED"]
[Date "2007.08.08"]
[Round "6.23"]
[White "Rosmuller, Anton"]
[Black "Michiels, Rob"]
[Result "1-0"]
[WhiteElo "2114"]
[BlackElo "2226"]
[PlyCount "91"]
[EventDate "2007.08.04"]
[EventType "swiss"]
[EventRounds "9"]
[EventCountry "NED"]
[Source "lmi"]
[SourceDate "2007.08.04"]

1. d4 Nf6 2. c4 e6 3. Nc3 d5 4. Bg5 Be7 5. e3 h6 6. Bxf6 Bxf6 7. cxd5 exd5 8.
Bd3 c6 9. Qc2 Nd7 10. Nf3 Nf8 11. b4 Bg4 12. Be2 Ne6 13. O-O Qd6 14. Qb3 Ng5
15. Rfd1 Nxf3+ 16. Bxf3 Bxf3 17. gxf3 Bh4 18. Rd2 Qf6 19. Qd1 O-O 20. b5 Rac8
21. Kh1 Rfd8 22. bxc6 Rxc6 23. Na4 Qf5 24. Nc5 Rf6 25. Nd3 Qxf3+ 26. Qxf3 Rxf3
27. Kg2 Rf5 28. Rc2 Rd6 29. Rb1 b6 30. Rbc1 Rg6+ 31. Kf1 Re6 32. Kg2 Rg6+ 33.
Kh1 Be7 34. Rc8+ Kh7 35. Re8 Bd6 36. Rcc8 Rg4 37. Rh8+ Kg6 38. Rc6 Rf6 39. Rd8
Be7 40. Ne5+ Kh7 41. Rxd5 Rg5 42. Rc2 Bd6 43. Rxd6 Rxd6 44. Nxf7 Rgd5 45. Nxd6
Rxd6 46. Kg2 1-0

[Event "11. Hogeschool Zeeland Tournament"]
[Site "Vlissingen NED"]
[Date "2007.08.08"]
[Round "6.24"]
[White "Gryson, Wouter"]
[Black "Muter, Donny"]
[Result "1/2-1/2"]
[WhiteElo "2030"]
[BlackElo "2212"]
[PlyCount "148"]
[EventDate "2007.08.04"]
[EventType "swiss"]
[EventRounds "9"]
[EventCountry "NED"]
[Source "lmi"]
[SourceDate "2007.08.04"]

1. d4 d5 2. c4 e6 3. g3 dxc4 4. Bg2 Nf6 5. Nf3 Nc6 6. O-O Be7 7. Qa4 Nd7 8.
Qxc4 Nb6 9. Qd3 O-O 10. Nc3 Nb4 11. Qb1 c5 12. dxc5 Bxc5 13. Ne4 Be7 14. Bf4
N6d5 15. Rd1 Qb6 16. Neg5 g6 17. Bd2 Nc6 18. e4 Nf6 19. e5 Ng4 20. Be1 Ncxe5
21. Qe4 Qc7 22. Bc3 Nxf3+ 23. Nxf3 Nf6 24. Qe2 Nd5 25. Be5 Qb6 26. Qd2 f6 27.
Bd4 Qb4 28. Qh6 Rf7 29. h4 Bf8 30. Qc1 Bd7 31. h5 g5 32. a3 Qa5 33. b4 Qd8 34.
Re1 Nc7 35. Qe3 a5 36. Red1 Nd5 37. Qb3 Qe8 38. Re1 axb4 39. Nd2 Bc6 40. axb4
Rd8 41. b5 Bxb5 42. Ne4 Bc6 43. Qb2 e5 44. Nxg5 fxg5 45. Rxe5 Be7 46. Bh3 Bd7
47. Bf1 Rf5 48. Qe2 Qf7 49. Bg2 Rxe5 50. Qxe5 Nf6 51. Qxg5+ Kf8 52. Bxb7 Qxh5
53. Qf4 Bf5 54. Bg2 Bd6 55. Qf3 Qxf3 56. Bxf3 Kf7 57. Kg2 Be7 58. Bb6 Rb8 59.
Bd4 Be4 60. Ra7 Bxf3+ 61. Kxf3 Rc8 62. Kg2 Rc4 63. Be3 Nd5 64. Bg5 Ke6 65. Bxe7
Nxe7 66. Ra2 h5 67. Kf3 Rc5 68. Kg2 Kf6 69. f3 Kg5 70. Ra1 Ng8 71. Kh3 Rf5 72.
g4 hxg4+ 73. fxg4 Rf3+ 74. Kg2 Rf8 1/2-1/2

[Event "11. Hogeschool Zeeland Tournament"]
[Site "Vlissingen NED"]
[Date "2007.08.08"]
[Round "6.27"]
[White "Van Der Eijk, Dick"]
[Black "Piceu, Tom"]
[Result "0-1"]
[WhiteElo "2062"]
[BlackElo "2350"]
[PlyCount "70"]
[EventDate "2007.08.04"]
[EventType "swiss"]
[EventRounds "9"]
[EventCountry "NED"]
[Source "lmi"]
[SourceDate "2007.08.04"]

1. c4 Nf6 2. g3 g6 3. Bg2 Bg7 4. Nc3 O-O 5. e4 d6 6. Nge2 c5 7. O-O Nc6 8. h3
a6 9. f4 Rb8 10. d3 Nd4 11. Nxd4 cxd4 12. Ne2 Nd7 13. f5 b5 14. cxb5 Rxb5 15.
g4 Bb7 16. b3 a5 17. Bf4 Nc5 18. Qd2 Qb6 19. Bg5 a4 20. Bxe7 Re8 21. b4 Nxe4
22. Bxe4 Bxe4 23. f6 Ba8 24. a3 Qb7 25. Ng3 Bh6 26. Qb2 Be3+ 27. Kh2 Rxe7 28.
fxe7 Re5 29. Rf6 Qxe7 30. Raf1 Bd5 31. Qc2 Bg5 32. R6f2 Bh4 33. Rf4 Bxg3+ 34.
Kxg3 Re3+ 35. R4f3 Qe5+ 0-1

[Event "11. Hogeschool Zeeland Tournament"]
[Site "Vlissingen NED"]
[Date "2007.08.08"]
[Round "6.28"]
[White "Pg, Mohd Omar Ak Hirawa"]
[Black "Van Der Borgt, Peter"]
[Result "1-0"]
[WhiteElo "2344"]
[BlackElo "2081"]
[PlyCount "53"]
[EventDate "2007.08.04"]
[EventType "swiss"]
[EventRounds "9"]
[EventCountry "NED"]
[Source "lmi"]
[SourceDate "2007.08.04"]

1. e4 e5 2. Nf3 Nc6 3. Bb5 Bc5 4. O-O Nf6 5. Nxe5 Nxe4 6. Qe2 Nxe5 7. Qxe4 Qe7
8. d4 Ng6 9. Qd3 Bb6 10. c4 c6 11. Ba4 O-O 12. Nc3 Qd6 13. Be3 Bc7 14. f4 b6
15. Ne4 Qb4 16. Bb3 Bb7 17. f5 d5 18. cxd5 cxd5 19. Ng5 Qd6 20. g3 Nh8 21. Bf4
Qf6 22. Nxh7 Kxh7 23. Bxc7 Rfe8 24. Be5 Qh6 25. f6+ g6 26. Ba4 Re6 27. Bd7 1-0

[Event "11. Hogeschool Zeeland Tournament"]
[Site "Vlissingen NED"]
[Date "2007.08.08"]
[Round "6.30"]
[White "Van Rij, Gert"]
[Black "Kuipers, Stefan"]
[Result "0-1"]
[WhiteElo "2065"]
[BlackElo "2245"]
[PlyCount "76"]
[EventDate "2007.08.04"]
[EventType "swiss"]
[EventRounds "9"]
[EventCountry "NED"]
[Source "lmi"]
[SourceDate "2007.08.04"]

1. d4 d5 2. Nf3 Nf6 3. c4 c6 4. cxd5 cxd5 5. Nc3 Nc6 6. Bf4 a6 7. Rc1 Bf5 8. e3
e6 9. Bd3 Bg6 10. O-O Be7 11. Ne5 Nxe5 12. Bxe5 O-O 13. Bxg6 hxg6 14. Bxf6 gxf6
15. Na4 Kg7 16. Nc5 Rh8 17. h3 b6 18. Nd3 Qd7 19. Qb3 b5 20. Nc5 Qd6 21. a4 g5
22. Qd1 bxa4 23. Ra1 Rh4 24. Rxa4 f5 25. Qa1 e5 26. b4 exd4 27. exd4 Qb6 28.
Rb1 g4 29. Rxa6 Rxa6 30. Qxa6 Bxc5 31. Qc8 Bxd4 32. Qxf5 Qf6 33. hxg4 Qxf5 34.
gxf5 Rf4 35. Rf1 Rxf5 36. g3 Rf3 37. Kg2 Rb3 38. Rd1 Rxb4 0-1

[Event "11. Hogeschool Zeeland Tournament"]
[Site "Vlissingen NED"]
[Date "2007.08.08"]
[Round "6.31"]
[White "Verduyn, Frederic"]
[Black "Hugaert, Arthur"]
[Result "1-0"]
[WhiteElo "2210"]
[BlackElo "2041"]
[PlyCount "71"]
[EventDate "2007.08.04"]
[EventType "swiss"]
[EventRounds "9"]
[EventCountry "NED"]
[Source "lmi"]
[SourceDate "2007.08.04"]

1. Nf3 d5 2. d4 Nf6 3. c4 c6 4. Nc3 e6 5. g3 Bb4 6. a3 Bxc3+ 7. bxc3 dxc4 8.
Bg2 O-O 9. O-O Nd5 10. Qc2 c5 11. e4 Nf6 12. e5 Nd5 13. Ng5 f5 14. exf6 Nxf6
15. Be3 h6 16. Ne4 Nxe4 17. Bxe4 Qc7 18. dxc5 Bd7 19. Rad1 Na6 20. Rd6 Rae8 21.
Rfd1 Re7 22. Qe2 Ba4 23. Qh5 Bxd1 24. Qg6 Rf6 25. Qh7+ Kf7 26. Rxd1 Nxc5 27.
Bf4 Qa5 28. Bb1 e5 29. Be3 Ne6 30. h4 Qxc3 31. h5 Nf8 32. Qe4 Qb3 33. Qd5+ Ne6
34. Bg6+ Kg8 35. Bc5 Rc7 36. Qxe6+ 1-0

[Event "11. Hogeschool Zeeland Tournament"]
[Site "Vlissingen NED"]
[Date "2007.08.08"]
[Round "6.32"]
[White "Dek, Lennart"]
[Black "Reyniers, Pieter"]
[Result "1/2-1/2"]
[WhiteElo "2207"]
[BlackElo "2023"]
[PlyCount "98"]
[EventDate "2007.08.04"]
[EventType "swiss"]
[EventRounds "9"]
[EventCountry "NED"]
[Source "lmi"]
[SourceDate "2007.08.04"]

1. e4 c5 2. Nf3 d6 3. d4 cxd4 4. Nxd4 Nf6 5. Nc3 a6 6. a4 e5 7. Nf3 b6 8. Bc4
Be7 9. O-O O-O 10. Qe2 Bb7 11. Bg5 Nbd7 12. Rfd1 Qc7 13. Nh4 g6 14. Nf3 Rfc8
15. Ba2 Re8 16. Bh6 Ng4 17. Bc1 Ngf6 18. Ng5 Rf8 19. Nh3 d5 20. exd5 Bd6 21.
Ne4 Nxe4 22. Qxe4 f5 23. Qe2 e4 24. Bf4 Rac8 25. c3 Nc5 26. Ng5 Rfe8 27. Bc4
Qd7 28. Qe3 Bxf4 29. Qxf4 b5 30. axb5 axb5 31. Bf1 Bxd5 32. c4 bxc4 33. Bxc4
Ne6 34. Nxe6 Rxc4 35. Nd4 Qb7 36. Qd6 Bf7 37. b3 Rc3 38. Qf6 Rd3 39. Rxd3 exd3
40. Qg5 Qd7 41. Nf3 Bxb3 42. h4 Re2 43. Ra8+ Kg7 44. Rd8 Qb5 45. Qf4 Qc5 46.
Rd7+ Bf7 47. Ng5 Re7 48. Rxe7 Qxe7 49. Qd4+ Kg8 1/2-1/2

[Event "11. Hogeschool Zeeland Tournament"]
[Site "Vlissingen NED"]
[Date "2007.08.08"]
[Round "6.33"]
[White "Ducarmon, Quinten"]
[Black "Jap Tjoen San, Linda"]
[Result "0-1"]
[WhiteElo "2033"]
[BlackElo "2199"]
[PlyCount "62"]
[EventDate "2007.08.04"]
[EventType "swiss"]
[EventRounds "9"]
[EventCountry "NED"]
[Source "lmi"]
[SourceDate "2007.08.04"]

1. e4 c5 2. Nf3 e6 3. d4 cxd4 4. Nxd4 a6 5. Bd3 Qc7 6. O-O Nf6 7. Qe2 d6 8. c4
g6 9. Nc3 Bg7 10. Be3 Nbd7 11. f4 b6 12. Kh1 Nc5 13. Bc2 Bb7 14. Bg1 O-O 15.
Rae1 Rfe8 16. Qd2 Rac8 17. Nf3 Ncd7 18. Bd3 Bc6 19. Re2 Rb8 20. a4 Nc5 21. Bc2
Qb7 22. Rfe1 b5 23. axb5 axb5 24. cxb5 Bxb5 25. Nxb5 Qxb5 26. Qxd6 Bf8 27. Qd4
Nh5 28. g3 Red8 29. Qc3 Nd3 30. Rd1 Bb4 31. Qb3 Nc1 0-1

[Event "11. Hogeschool Zeeland Tournament"]
[Site "Vlissingen NED"]
[Date "2007.08.08"]
[Round "6.34"]
[White "Avontuur, Theo"]
[Black "Van Den Berg, Ad"]
[Result "0-1"]
[WhiteElo "2022"]
[BlackElo "2197"]
[PlyCount "80"]
[EventDate "2007.08.04"]
[EventType "swiss"]
[EventRounds "9"]
[EventCountry "NED"]
[Source "lmi"]
[SourceDate "2007.08.04"]

1. d4 d6 2. c4 e5 3. Nc3 exd4 4. Qxd4 Nc6 5. Qd2 Nf6 6. g3 g6 7. Bg2 Bg7 8. Nh3
O-O 9. O-O Re8 10. Re1 Ne5 11. b3 c6 12. Nf4 Bf5 13. Bb2 Qc7 14. e4 Bg4 15. Re3
Rad8 16. h3 Bc8 17. Rd1 h5 18. Nfe2 g5 19. f4 gxf4 20. gxf4 Ng6 21. Rd3 Nh4 22.
Ng3 Re6 23. e5 Ne8 24. Nce4 Rg6 25. Ng5 Nxg2 26. Kxg2 d5 27. Nxh5 Bf5 28. Rg3
d4 29. Nxg7 Nxg7 30. Qf2 c5 31. Qf3 f6 32. exf6 Rxf6 33. Ne4 Bxe4 34. Qxe4 Rxf4
35. Qg6 Rdf8 36. Rd2 R8f6 37. Qd3 Qf7 38. Qe2 b6 39. Bc1 Rf1 40. Qg4 Qb7+ 0-1

[Event "11. Hogeschool Zeeland Tournament"]
[Site "Vlissingen NED"]
[Date "2007.08.08"]
[Round "6.35"]
[White "Beeke, Bobby"]
[Black "Zilverberg, Jasper"]
[Result "1/2-1/2"]
[WhiteElo "2191"]
[BlackElo "2022"]
[PlyCount "92"]
[EventDate "2007.08.04"]
[EventType "swiss"]
[EventRounds "9"]
[EventCountry "NED"]
[Source "lmi"]
[SourceDate "2007.08.04"]

1. Nf3 c5 2. c4 g6 3. Nc3 Bg7 4. d4 Nc6 5. e3 Nf6 6. d5 Na5 7. e4 d6 8. h3 O-O
9. Bd3 a6 10. O-O Rb8 11. Re1 b5 12. Nd2 Nd7 13. f4 Nxc4 14. Nxc4 bxc4 15. Bxc4
Qa5 16. Qc2 Nb6 17. Bf1 Bd7 18. Bd2 Na4 19. Nd1 Qc7 20. Rb1 c4 21. Nc3 Nxc3 22.
Bxc3 Bh6 23. g3 f5 24. e5 Qc5+ 25. Kh2 Qxd5 26. Rbd1 Qc5 27. exd6 e6 28. Be5
Rfc8 29. Rd4 c3 30. b3 Bg7 31. Rc4 Qa3 32. Bxg7 Kxg7 33. Qxc3+ Kf7 34. Qd2 Rxc4
35. Bxc4 Rb6 36. Rd1 Qc5 37. g4 fxg4 38. hxg4 h5 39. gxh5 a5 40. a4 Rb8 41. Bb5
Bxb5 42. axb5 Qxb5 43. Qb2 Qf5 44. Qc1 Rxb3 45. Qc7+ Kg8 46. Qd8+ Kh7 1/2-1/2

[Event "11. Hogeschool Zeeland Tournament"]
[Site "Vlissingen NED"]
[Date "2007.08.08"]
[Round "6.36"]
[White "Westerweele, Henrik"]
[Black "Go, Benjamin"]
[Result "1/2-1/2"]
[WhiteElo "2018"]
[BlackElo "2180"]
[PlyCount "145"]
[EventDate "2007.08.04"]
[EventType "swiss"]
[EventRounds "9"]
[EventCountry "NED"]
[Source "lmi"]
[SourceDate "2007.08.04"]

1. e4 e5 2. Nf3 Nc6 3. d4 exd4 4. Bc4 Nf6 5. O-O Bc5 6. e5 d5 7. exf6 dxc4 8.
fxg7 Rg8 9. Bg5 Be7 10. Bxe7 Kxe7 11. Re1+ Be6 12. Re4 d3 13. Nc3 Rxg7 14. cxd3
Qxd3 15. Nd5+ Kf8 16. Qxd3 cxd3 17. Nxc7 Bh3 18. g3 Rc8 19. Rae1 Rg4 20. Re8+
Rxe8 21. Rxe8+ Kg7 22. Nd2 Rg5 23. Re4 Rc5 24. Rc4 Re5 25. Re4 Rxe4 26. Nxe4
Nd4 27. Nd2 Ne2+ 28. Kh1 Bd7 29. Kg2 Bc6+ 30. f3 Kf6 31. b4 Nd4 32. Kf2 a6 33.
a3 Nc2 34. Nc4 h6 35. Na5 d2 36. Ke2 Bxf3+ 37. Kxd2 Nxa3 38. Ke3 Bh1 39. Kf4
Nc2 40. b5 axb5 41. Nxb5 Nb4 42. Nd4 Nd5+ 43. Kg4 Ke5 44. Ne2 Ne3+ 45. Kh4 Bf3
46. Nf4 b5 47. Nb3 Nf5+ 48. Kh3 h5 49. Nc5 Kf6 50. Nd7+ Kg5 51. Ne5 Bg4+ 52.
Kg2 Nd6 53. h3 Bc8 54. h4+ Kf5 55. Ned3 Bb7+ 56. Kh3 Bf3 57. Kh2 Ne4 58. Ne1
Nd2 59. Kg1 Kg4 60. Kf2 Bb7 61. Ned3 Ne4+ 62. Ke3 Nxg3 63. Ne5+ Kxh4 64. Nxf7
Nf5+ 65. Kd3 Kg4 66. Nxh5 Kxh5 67. Nd8 Bd5 68. Kc3 Nd6 69. Kb4 Bc4 70. Nc6 Kg6
71. Kc5 Ne4+ 72. Kd4 Ng5 73. Ne5+ 1/2-1/2

[Event "11. Hogeschool Zeeland Tournament"]
[Site "Vlissingen NED"]
[Date "2007.08.08"]
[Round "6.38"]
[White "Sparreboom, Willem"]
[Black "Hekhuis, Jeroen"]
[Result "0-1"]
[WhiteElo "1984"]
[BlackElo "2163"]
[PlyCount "54"]
[EventDate "2007.08.04"]
[EventType "swiss"]
[EventRounds "9"]
[EventCountry "NED"]
[Source "lmi"]
[SourceDate "2007.08.04"]

1. d4 Nf6 2. c4 e6 3. Nc3 d5 4. cxd5 exd5 5. Bf4 Bd6 6. Bxd6 Qxd6 7. Nf3 Nbd7
8. e3 O-O 9. Bd3 c5 10. O-O Re8 11. Rc1 a6 12. dxc5 Nxc5 13. Bb1 Bg4 14. Nxd5
Nxd5 15. Qd4 Bxf3 16. gxf3 Rac8 17. Rcd1 Re5 18. b4 Rh5 19. h4 Qh6 20. Qg4 Ne6
21. Rd4 Nf6 22. Qh3 g5 23. Bf5 Nxd4 24. exd4 Rxh4 25. Qg2 Nd5 26. f4 Nxf4 27.
Qf3 Rc3 0-1

[Event "11. Hogeschool Zeeland Tournament"]
[Site "Vlissingen NED"]
[Date "2007.08.08"]
[Round "6.39"]
[White "Visser, Anton"]
[Black "In 't Veld, Daan"]
[Result "0-1"]
[WhiteElo "1990"]
[BlackElo "2161"]
[PlyCount "99"]
[EventDate "2007.08.04"]
[EventType "swiss"]
[EventRounds "9"]
[EventCountry "NED"]
[Source "lmi"]
[SourceDate "2007.08.04"]

1. d4 f5 2. Bg5 g6 3. Nc3 d5 4. e3 Bg7 5. Nf3 c6 6. Be2 Nd7 7. h4 Qb6 8. Na4
Qa5+ 9. c3 b5 10. Nc5 Nxc5 11. b4 Qa3 12. bxc5 Qxc3+ 13. Kf1 Qa3 14. Qb3 Qxb3
15. axb3 a5 16. b4 a4 17. Ra3 Nh6 18. Bxh6 Bxh6 19. Ne5 Bd7 20. f4 Bg7 21. Nf3
Bf6 22. Ke1 h6 23. Kd2 Kf7 24. Kc2 g5 25. Ne5+ Ke6 26. Bh5 Bxe5 27. dxe5 Rhg8
28. Bf3 Rg7 29. hxg5 Rh8 30. Rxh6+ Rxh6 31. gxh6 Rh7 32. g4 Rxh6 33. g5 Rh4 34.
Be2 d4 35. g6 Be8 36. Rd3 Bxg6 37. exd4 Rh2 38. Kd1 Rh1+ 39. Kc2 Rh2 40. Kd1
Rf2 41. d5+ cxd5 42. c6 Rxf4 43. Rxd5 Bh5 44. Rc5 Bxe2+ 45. Kxe2 Rc4 46. Rxb5
Rxc6 47. Ra5 Rb6 48. Rxa4 Kxe5 49. Ke3 e6 50. Ra5+ 0-1

[Event "11. Hogeschool Zeeland Tournament"]
[Site "Vlissingen NED"]
[Date "2007.08.08"]
[Round "6.40"]
[White "Grochal, Joey"]
[Black "Sinke, Wim"]
[Result "1-0"]
[WhiteElo "2152"]
[BlackElo "1983"]
[PlyCount "71"]
[EventDate "2007.08.04"]
[EventType "swiss"]
[EventRounds "9"]
[EventCountry "NED"]
[Source "lmi"]
[SourceDate "2007.08.04"]

1. e4 g6 2. d4 Bg7 3. Nf3 d6 4. Nc3 c6 5. Bc4 b5 6. Bb3 Nd7 7. a3 Bb7 8. O-O
Nb6 9. Qe2 Nf6 10. e5 Nfd5 11. Nxd5 Nxd5 12. Bxd5 cxd5 13. exd6 Qxd6 14. Qxb5+
Bc6 15. Qa5 O-O 16. Bd2 Rfb8 17. b3 Bd7 18. Bb4 Qf4 19. Qxd5 Be6 20. Qg5 Qe4
21. Qd2 Bf5 22. Rac1 Qb7 23. Qe3 a5 24. Bc5 Re8 25. c4 Ra6 26. d5 g5 27. Nd4
Bd7 28. Rfe1 e5 29. dxe6 Bxe6 30. Qxg5 h6 31. Qg3 Kh8 32. Nxe6 fxe6 33. b4 Rg8
34. Qd3 axb4 35. axb4 Ra3 36. Qxa3 1-0

[Event "11. Hogeschool Zeeland Tournament"]
[Site "Vlissingen NED"]
[Date "2007.08.08"]
[Round "6.42"]
[White "Baekelant, Eva"]
[Black "Cupido, Alexander"]
[Result "0-1"]
[WhiteElo "1970"]
[BlackElo "2145"]
[PlyCount "84"]
[EventDate "2007.08.04"]
[EventType "swiss"]
[EventRounds "9"]
[EventCountry "NED"]
[Source "lmi"]
[SourceDate "2007.08.04"]

1. e4 e5 2. Nf3 Nc6 3. Bb5 f5 4. d3 fxe4 5. dxe4 Nf6 6. Qd3 d6 7. Nc3 Bd7 8.
O-O h6 9. a3 Qe7 10. b4 Nd8 11. Bxd7+ Qxd7 12. Nh4 Qg4 13. Nf5 Qh5 14. Nb5 Qf7
15. c4 g6 16. Ne3 a6 17. Nc3 Bg7 18. Bb2 O-O 19. Ncd5 Ne6 20. Rad1 Rad8 21. f3
Nh5 22. Bc1 c6 23. Nc3 Nhf4 24. Qd2 Nd4 25. Qa2 h5 26. Rde1 Bh6 27. Ned1 Nh3+
28. gxh3 Bxc1 29. Ne3 Nxf3+ 30. Kh1 Bd2 31. Re2 Bxc3 32. Ref2 Qf4 33. Rxf3 Qxe4
34. Qg2 Rf4 35. Rxf4 Qxg2+ 36. Nxg2 exf4 37. Nxf4 Rf8 38. Kg2 Kh7 39. Nd3 Rxf1
40. Kxf1 Kg7 41. Kg2 Kf6 42. Kf3 Be5 0-1

[Event "11. Hogeschool Zeeland Tournament"]
[Site "Vlissingen NED"]
[Date "2007.08.08"]
[Round "6.43"]
[White "Stange, Sven"]
[Black "Roggeveen, Wouter"]
[Result "1-0"]
[WhiteElo "2144"]
[BlackElo "1941"]
[PlyCount "53"]
[EventDate "2007.08.04"]
[EventType "swiss"]
[EventRounds "9"]
[EventCountry "NED"]
[Source "lmi"]
[SourceDate "2007.08.04"]

1. e4 e5 2. Nf3 Nc6 3. Bb5 g6 4. d4 exd4 5. Bg5 Be7 6. Bxe7 Qxe7 7. O-O Qb4 8.
Bxc6 Qxb2 9. Bd5 Qxa1 10. c3 Ne7 11. Qxd4 O-O 12. Qd2 c6 13. Bb3 d5 14. exd5
Rd8 15. Na3 Qxf1+ 16. Kxf1 Be6 17. d6 Nf5 18. Bxe6 Rxd6 19. Bxf7+ Kxf7 20. Qc2
b5 21. g4 Ne7 22. Qe4 Nd5 23. Ne5+ Kg7 24. Nxc6 Rxc6 25. Qxd5 Rac8 26. Nxb5 Rc5
27. Qd4+ 1-0

[Event "11. Hogeschool Zeeland Tournament"]
[Site "Vlissingen NED"]
[Date "2007.08.08"]
[Round "6.44"]
[White "Bollaart, Jeroen"]
[Black "Friesen, Boris"]
[Result "1/2-1/2"]
[WhiteElo "1959"]
[BlackElo "2139"]
[PlyCount "52"]
[EventDate "2007.08.04"]
[EventType "swiss"]
[EventRounds "9"]
[EventCountry "NED"]
[Source "lmi"]
[SourceDate "2007.08.04"]

1. e4 e6 2. d4 d5 3. Nc3 Nf6 4. e5 Nfd7 5. f4 c5 6. Nf3 Nc6 7. Be3 Qb6 8. Bb5
c4 9. f5 Bb4 10. Bxc6 Qxc6 11. fxe6 fxe6 12. O-O O-O 13. Ng5 h6 14. Nh3 Rxf1+
15. Qxf1 Nf8 16. Qf2 Bd7 17. Rf1 Be8 18. a3 Be7 19. g4 Qd7 20. Ne2 Ng6 21. g5
h5 22. c3 Nf8 23. Nef4 g6 24. Qc2 Kg7 25. Ng2 Qd8 26. Nh4 Rc8 1/2-1/2